Soil and water conservation engineering / (Record no. 4869)
[ view plain ]
| 000 -LEADER | |
|---|---|
| fixed length control field | 00304cam a2200121ua 4500 |
| 082 ## - DEWEY DECIMAL CLASSIFICATION NUMBER | |
| Classification number | 631.45 |
| Item number | SCH/SO |
| 100 ## - MAIN ENTRY--AUTHOR NAME | |
| Personal name | Schwab, Glenno . |
| 245 ## - TITLE STATEMENT | |
| Title | Soil and water conservation engineering / |
| 260 ## - PUBLICATION, DISTRIBUTION, ETC. (IMPRINT) | |
| Place of publication | London : |
| Name of publisher | John Wiley & Sons , |
| Year of publication | 1981. |
| 300 ## - PHYSICAL DESCRIPTION | |
| Number of Pages | 525 ; . |
| 500 ## - GENERAL NOTE | |
| General note | Reference ** |
| 942 ## - ADDED ENTRY ELEMENTS (KOHA) | |
| Koha item type | Books |
| Withdrawn status | Lost status | Damaged status | Collection code | Home library | Current library | Date acquired | Full call number | Accession Number | Koha item type | Shelving location | Cost, normal purchase price |
|---|---|---|---|---|---|---|---|---|---|---|---|
| KAUAET | KAUAET | 07/04/2012 | 631.45 | 19884 | Books | ||||||
| Withdrawn | KAUAET | KAUAET | 25/09/2019 | 631.45 SCH/SO | 17646 | Books | General Stacks | 200.00 |
